000 00481cam a22002051 4500
001 sa 68007155
003 DLC
005 20260227112520.0
008 891020s1968 ii 000 0 hino
010 _asa 68007155
035 _a(OCoLC)20520448
040 _aDLC
_cWaU
_dDLC
042 _apremarc
050 0 0 _aPK2098.23.A5
_bC3
100 0 _aHanumandas.
245 1 0 _aCaubīsa ekān̐kī nāṭaka.
260 _c[1968]
300 _a212 p.
_c19 cm.
500 _aIn Hindi.
999 _c81669
_d81669